000 00808nam a22002777a 4500
001 BR2015007112
003 BR-BrBNA
005 20230928104749.0
007 ta
008 230509b bl.||||| |||| 00| 0 por d
040 _aBR-BrBNA
_bpor
_cBiblioteca Nacional de Agricultura
041 _a(Por)
072 _aD50; M11
090 _ D50 BR2015007112
110 1 _aMinistério da Pesca e Aquicultura, Brasília, DF (Brasil)
_97436
245 1 _aPlano nacional de combate à pesca ilegal. É o Brasil protegendo o seu pescado
260 3 _aBrasília, DF (Brasil):
_c[nd].
300 _avp.
500 _aPublished 2009?; 13 illus
650 _aPESCA
650 _aLEGISLAÇÃO
650 _aEMBARCAÇÃO PESQUEIRA
650 _aREGISTRO
909 _a202309
_bLucia
_c55
_dLucia Elande
942 _cBK
999 _c81631
_d81631